000 00888nam a2200253Ia 4500
003 OSt
005 20220923211234.0
006 a|||||r|||| 00| 0
007 ta
008 Pun
020 _a9788171435678 (hbk)
_c260
024 _a280,725
037 _b809, 09/03/2014, H.K. Prakashan
_cTextual
040 _aARTS
_cARTS
_bPun
041 _2Pun
_aPun
082 _aO153:g(X:3M24), Q2
100 _aਨਰੇF ਕੁਮਾਰ
_9159992
245 0 _aਮਾਰਕਸਵਾਦੀ ਸਾਹਿਤ ਚਿੰਤਨ
_b ਤੁਲਨਾਤਮਕ ਪਰਿਪੇਖ
260 _aਅੰਮ੍ਰਿਤਸਰ
_b ਰਵੀ ਸਾਹਿਤ ਪ੍ਰਕਾFਨ
_c2012
300 _a224ਪੰ
_ccm.
650 _aਪੰਜਾਬੀ ਸਾਹਿਤ
942 _hO153:g(X:3M24), Q2
_cTEXL
_2CC
999 _c297454
_d297454